000 00265 a2200109 4500
005 20250629170123.0
100 _aUPTON, GRAHAM.
245 _aA Dictionary of Statistics,
260 _aTokyo,
_bOxford University Press,
_c2004.
300 _avi,
_c20cm.
942 _2ddc
_cBKS
999 _c6443
_d6443